Gaming Quiz

Random Gaming or Console Quiz

Nintendo Console Challenge Quiz Stats

 Plays Quiz Updated Sep 22, 2014

Also try: Famous Miis
Challenge
Share
Tweet
Embed
Score 0/40 Timer 05:00
4 Plays Today
Game Console (NES/SNES/N64/GCN/Wii) % Correct
Just Dance???
64.8%
Wario Land: Shake It!???
61.9%
Epic Mickey???
56.7%
Mario Kart: Double Dash‼???
56%
Perfect Dark???
50.1%
Secret of Mana???
49.9%
Wrecking Crew???
48.4%
BurgerTime???
48.3%
Trauma Center: New Blood???
48.2%
Turok: Dinosaur Hunter???
46%
No More Heroes???
45%
Sonic Adventure 2 Battle???
44.8%
Hogan's Alley???
44.4%
Viewtiful Joe???
43.6%
Metal Gear Solid: The Twin Snakes???
43.3%
Rad Racer???
42.7%
River City Ransom???
41.9%
Castlevania III: Dracula's Curse???
41.3%
Adventure Island???
40.6%
Zack & Wiki: Quest for Barbaros' Treasure???
40.5%
Game Console (NES/SNES/N64/GCN/Wii) % Correct
Jet Force Gemini???
39.6%
Yoshi's Story???
39.5%
Zombies Ate My Neighbors???
39.3%
Pokémon Colosseum???
38.3%
MadWorld???
37.3%
Kirby Air Ride???
37.1%
Illusion of Gaia (/of Time in Europe)???
37%
Star Wars: Shadows of the Empire???
36.8%
Duke Nukem: Zero Hour???
35.5%
Lufia II: Rise of the Sinistrals???
34.4%
The Conduit???
34.2%
Beyond Good & Evil???
33.8%
R-Type III: The Third Lightning???
32.8%
Double Dragon III: The Sacred Stones???
31.7%
The Simpsons: Bart's Nightmare???
30.4%
Mischief Makers???
29.9%
Skies of Arcadia Legends???
29.7%
Cool Spot???
28.1%
Space Station Silicon Valley???
26.9%
Vegas Stakes???
20.2%

You're not logged in!

Compare scores with friends on all Sporcle quizzes.
Join for Free
OR
Log In

You Might Also Like...

Show Comments

Extras

Top Quizzes Today


Score Distribution

Your Account Isn't Verified!

In order to create a playlist on Sporcle, you need to verify the email address you used during registration. Go to your Sporcle Settings to finish the process.

Report this User

Report this user for behavior that violates our Community Guidelines.

Details: